[Event "Haderslev op"]
[Site "Haderslev"]
[Date "1981.??.??"]
[Round "8"]
[White "Flueckiger, Christian"]
[Black "Sorensen, Torben"]
[Result "0-1"]
[WhiteElo "2200"]
[BlackElo "2200"]

1.e4 c5 2.Nf3 d6 3.Bb5+ Nc6 4.O-O Bd7 5.Re1 a6 6.Bf1 Nf6 7.c3 g6 8.d4 cxd4
9.cxd4 d5 10.exd5 Nxd5 11.Nc3 Nxc3 12.bxc3 Bg7 13.d5 Na7 14.Ba3 Nc8 15.Rc1 O-O
16.c4 b6 17.Ne5 Qc7 18.Nd3 Re8 19.Qf3 Rb8 20.c5 bxc5 21.Nxc5 Qa7 22.Nxa6 Rb7
23.Bc5 Qa8 24.Qg3 e5 25.d6 Rd8 26.Qh4 Rf8 27.Re3 Na7 28.Nc7 Qb8 29.Qe7 Be6
30.Ree1 Bxa2 31.Ba6 Rb2 32.d7 Qxc7 33.Ba3 Rb1 34.d8=Q Qxd8 35.Qxa7 Qb8 36.Qe3 Rb3
37.Qc5 Qa8 38.Ra1 Qxa6 39.Rxa2 Rc8 40.Qd6 Ra8 41.Rea1 Qxd6  0-1

[Event "DSV-Turnier"]
[Site "Halle"]
[Date "1981.??.??"]
[Round "9"]
[White "Lechtynsky, Jiri"]
[Black "Chekhov, Valery A"]
[Result "1/2-1/2"]
[WhiteElo "2455"]
[BlackElo "2435"]

1.e4 c5 2.Nf3 d6 3.Bb5+ Bd7 4.Bxd7+ Qxd7 5.O-O Nc6 6.c3 Nf6 7.Qe2 e6 8.d4 cxd4
9.cxd4 d5 10.e5 Ne4 11.Rd1 Rc8 12.Be3 Be7 13.Ne1 f6 14.f3 Ng5 15.Nc3 O-O  1/2-1/2

[Event "Hastings8182"]
[Site "Hastings"]
[Date "1981.??.??"]
[Round "4"]
[White "Taulbut, Shaun M"]
[Black "Kupreichik, Viktor D"]
[Result "1/2-1/2"]
[WhiteElo "2420"]
[BlackElo "2580"]

1.e4 c5 2.Nf3 d6 3.Bb5+ Nc6 4.O-O Bd7 5.Re1 a6 6.Bxc6 Bxc6 7.c3 Nf6 8.d4 Bxe4
9.Bg5 Bd5 10.c4 Bxc4 11.Nc3 e6 12.Bxf6 Qxf6 13.dxc5 O-O-O 14.Qa4 d5 15.Rac1 e5
16.Rxe5 Qc6 17.b3 Qxa4 18.Nxa4 f6 19.Ree1 Bb5 20.Nd4 Bxa4 21.bxa4 Kd7 22.c6+ bxc6
23.Rxc6 Bb4 24.Rb1 Rc8 25.Rxa6 Rc4 26.Ra7+ Kd6 27.Nf5+ Ke5 28.Ne3 Re4 29.Rd7 Ke6
30.Rxd5 Ra8 31.Rb5 Rxa4 32.Rb6+ Kf7 33.Rb7+ Kg6 34.Nd5 Re1+ 35.Rxe1 Bxe1
36.Kf1 Bd2 37.Rb2 Rd4 38.Ke2 Ba5 39.Ne3 h5 40.Rc2 Bb4 41.h3 Kg5 42.a4 f5
43.Rc4 Rd2+ 44.Kf3 Be7 45.h4+ Kg6 46.Rc6+ Bf6 47.a5 Ra2 48.a6 f4 49.Kxf4 Rxf2+
50.Ke4 Ra2 51.g3 Kh7 52.Nc4 Bc3 53.Ne3 Be1 54.Nf5 g6 55.Rc7+ Kh8 56.a7 gxf5+
57.Kf4 Ra4+ 58.Kxf5 Bxg3 59.Rc8+ Kg7 60.a8=Q Rxa8 61.Rxa8 Bxh4 62.Ra7+ Kh6
63.Rc7 Bf2 64.Rc6+ Kg7  1/2-1/2

[Event "Hastings8182"]
[Site "Hastings"]
[Date "1981.??.??"]
[Round "13"]
[White "Kupreichik, Viktor D"]
[Black "Mestel, A Jonathan"]
[Result "1/2-1/2"]
[WhiteElo "2580"]
[BlackElo "2475"]

1.e4 c5 2.Nf3 d6 3.Bb5+ Nd7 4.d4 Nf6 5.Nc3 cxd4 6.Qxd4 e5 7.Qd3 h6 8.Be3 Be7
9.Bc4 O-O 10.Bb3 a6 11.Nh4 Nxe4 12.Nxe4 Bxh4 13.O-O-O Nc5 14.Bxc5 dxc5 15.Bxf7+ Kh8
16.Qxd8 Bxd8 17.Bg6 b6 18.f3 Bc7 19.Nc3 Be6 20.Nd5 Bxd5 21.Rxd5 Rad8 22.Rhd1 Rxd5
23.Rxd5 Rd8 24.Rxd8+ Bxd8 25.Kd2 e4 26.fxe4 Bf6 27.Kd3 b5 28.c3 Kg8 29.b4 Kf8
30.Bf5 Ke7 31.Bc8 Kd6 32.Bxa6 Kc6 33.Bc8 c4+ 34.Kd2 g5 35.a4 Kb6 36.Be6 Be5
37.h3 Bf4+ 38.Kc2 Be5 39.Kb2 Bf6 40.axb5 Kxb5 41.Ka3 Bxc3 42.Bd7+ Kb6 43.Ka4 Bf6
44.Bb5 c3 45.Bd3 h5 46.Kb3 Kc6 47.Be2 h4 48.Bd3 Kd6 49.Kc4 Kc6 50.Bc2 Bg7
51.Ba4+ Kd6 52.b5 Bf6 53.b6 c2 54.Bxc2 Kc6 55.Ba4+ Kxb6 56.Kd5 Kc7 57.e5 Be7
58.Ke6 Kd8 59.Bb5 Ba3 60.Kf6 Be7+  1/2-1/2

[Event "Holzoster am See"]
[Site "Holzoster am See"]
[Date "1981.??.??"]
[Round "?"]
[White "Pils, Walter"]
[Black "Van der Vliet, Fred"]
[Result "1/2-1/2"]
[WhiteElo "2300"]
[BlackElo "2395"]

1.e4 c5 2.Nf3 d6 3.Bb5+ Nd7 4.O-O Nf6 5.Re1 e6 6.c3 a6 7.Bf1 Be7 8.a4 b6
9.d3 Bb7 10.Na3 O-O 11.Bg5 h6 12.Bh4 Re8 13.Bg3 Nh5 14.d4 Nxg3 15.hxg3 Qc7
16.Bd3 Bf8 17.Qe2 e5 18.d5 g6 19.Nh4 Qd8 20.Rab1 Bc8 21.b4 Be7 22.Nf3 Rf8
23.Qc2 Qc7 24.Rbc1 Ra7 25.Qe2 Nf6 26.b5 a5 27.Nc4 Nh7 28.Rcd1 Bd8 29.Bc2  1/2-1/2

[Event "Hradec Kralove"]
[Site "Hradec Kralove"]
[Date "1981.??.??"]
[Round "3"]
[White "Dely, Peter"]
[Black "Ftacnik, Lubomir"]
[Result "1/2-1/2"]
[WhiteElo "2415"]
[BlackElo "2525"]

1.e4 c5 2.Nf3 d6 3.Bb5+ Nd7 4.d4 Nf6 5.Nc3 a6 6.Bxd7+ Qxd7 7.O-O cxd4 8.Qxd4 e5
9.Qd3 h6 10.a4 Qc6 11.Rd1 Be7 12.b3 Bg4 13.h3 Bh5 14.Re1 Rc8 15.Bb2 Bd8 16.a5 O-O
17.Nd2 Bg6 18.Nc4 Bc7 19.f3 Rfd8 20.Red1 b6 21.axb6 Bxb6+ 22.Nxb6 Qxb6+ 23.Kh2 d5
24.Qe2 d4 25.Nb1 Nh5 26.Na3 Nf4 27.Qe1 f6 28.Bc1 Bf7 29.Bxf4 exf4 30.Rd3 a5
31.Qd2 g5 32.Nc4 Bxc4 33.bxc4 Rxc4 34.Rxa5 Qb2 35.Rb3 Qxc2 36.Qxc2 Rxc2 37.Rb7 d3
38.Raa7 d2 39.Rg7+ Kh8 40.Rh7+ Kg8  1/2-1/2

[Event "Lone Pine op"]
[Site "Lone Pine"]
[Date "1981.??.??"]
[Round "?"]
[White "Biyiasas, Peter"]
[Black "Wilder, Michael"]
[Result "0-1"]
[WhiteElo "2450"]
[BlackElo "2420"]

1.e4 c5 2.Nf3 d6 3.Bb5+ Bd7 4.Bxd7+ Qxd7 5.O-O Nc6 6.d3 Nf6 7.Bg5 e6 8.Bxf6 gxf6
9.c4 Bg7 10.Nc3 Ne7 11.d4 cxd4 12.Qxd4 O-O 13.Rfd1 Rfd8 14.c5 d5 15.exd5 exd5
16.Rd3 f5 17.Qf4 Rac8 18.Rad1 Rxc5 19.Nd4 b5 20.Qd2 a6 21.h4 Qc7 22.h5 Kh8
23.h6 Be5 24.Qg5 Rg8 25.Qh5 Ng6 26.Nce2 f4 27.b3 Qe7 28.Nf3 d4 29.Qh3 Bf6
30.Nexd4 Qb7 31.Nf5 Ne5 32.Nd6 Qe7 33.Nxe5 Rxe5 34.Rd5 Re6 35.Qh5 Rg6 36.Nf5 Qe8
37.Kf1 Qg8 38.Qf3 Rg5 39.Qxf4 Rxg2 40.Ng7 Bxg7 41.Rd8 Bf8 42.Qd4+ f6 43.f4 Rg4
44.Rc1 Rh4 45.Rxf8  0-1

[Event "POL-chT"]
[Site "Lubniewice"]
[Date "1981.??.??"]
[Round "5"]
[White "Gizynski, Tomasz"]
[Black "Kaczmarek, A."]
[Result "1/2-1/2"]
[WhiteElo "2235"]
[BlackElo "2200"]

1.e4 c5 2.Nf3 d6 3.Bb5+ Bd7 4.Bxd7+ Qxd7 5.O-O e6 6.c3 Nf6 7.Qe2 Nc6 8.a3 Be7
9.b4 O-O 10.Rd1 d5 11.d3 Rfd8 12.e5 Ne8 13.d4 c4 14.a4 f6 15.exf6 gxf6 16.Re1 Nc7
17.Na3 Rf8 18.Bf4 Nd8 19.Bh6 Rf7 20.Nh4 Bf8 21.Qh5 Ne8 22.Nc2 Bxh6 23.Qxh6 Rg7
24.Nf3 Nf7 25.Qf4 Nh8 26.Nh4 Ng6 27.Nxg6 Rxg6  1/2-1/2

[Event "POL-chT"]
[Site "Lubniewice"]
[Date "1981.??.??"]
[Round "7"]
[White "Brzezicki, J."]
[Black "Lunkiewicz, D."]
[Result "1-0"]
[WhiteElo "2200"]
[BlackElo "2200"]

1.e4 c5 2.Nf3 d6 3.Bb5+ Bd7 4.Bxd7+ Qxd7 5.O-O Nc6 6.Re1 e5 7.c3 g6 8.d4 Qc7
9.Na3 Rd8 10.Be3 Rd7 11.b4 exd4 12.cxd4 cxb4 13.Nc2 a5 14.Rc1 Qd8 15.Qe2 Bg7
16.e5 Re7 17.Qb5 d5 18.Bg5 h6 19.Bxe7 Nxe7 20.Qxb7 O-O 21.Ne3 Qc8 22.Qxc8 Rxc8
23.Rc5 Bf8 24.Rec1 a4 25.Nxd5 Nxd5  1-0

[Event "Malaga"]
[Site "Malaga"]
[Date "1981.??.??"]
[Round "2"]
[White "Fernandez Garcia, Jose L"]
[Black "Csom, Istvan"]
[Result "0-1"]
[WhiteElo "2415"]
[BlackElo "2500"]

1.e4 c5 2.Nf3 d6 3.Bb5+ Nd7 4.d4 Nf6 5.O-O cxd4 6.Qxd4 a6 7.Bxd7+ Bxd7 8.Bg5 h6
9.Bxf6 gxf6 10.Nc3 e6 11.Qd3 Be7 12.Nd4 Qa5 13.a4 Rc8 14.Ra3 h5 15.Rb3 Rc7
16.f4 h4 17.Kh1 Kd8 18.e5 fxe5 19.fxe5 Qxe5 20.Rxf7 h3 21.gxh3 Rxh3 22.Qxh3 Qxd4
23.Ne2 Bc6+ 24.Rbf3 Bxf3+ 25.Rxf3 Qd1+ 26.Ng1 Qd5 27.c3 Rc4 28.b3 Rh4 29.c4 Qe4
30.Qg2 Kd7 31.Rf7 e5 32.Qxe4 Rxe4 33.Kg2 Ke6 34.Rh7 Re3 35.Rh3 Rxh3 36.Nxh3 d5
37.Kf3 dxc4 38.bxc4 Kd6 39.Ke4 Kc5 40.Ng1 Kxc4 41.Nf3 Kb4 42.h4 Kxa4 43.h5 b5
44.h6 Bf8 45.h7 Bg7 46.Nxe5 b4 47.Nc4 b3 48.Kd3 a5  0-1

[Event "Malaga"]
[Site "Malaga"]
[Date "1981.??.??"]
[Round "5"]
[White "Ciocaltea, Victor"]
[Black "Csom, Istvan"]
[Result "1/2-1/2"]
[WhiteElo "2445"]
[BlackElo "2500"]

1.e4 c5 2.Nf3 d6 3.Bb5+ Nc6 4.d4 cxd4 5.Qxd4 Nf6 6.O-O Nd7 7.Qe3 e6 8.Rd1 Qc7
9.b3 Be7 10.Ba3 O-O 11.Bxc6 bxc6 12.e5 Nxe5 13.Nxe5 dxe5 14.Bxe7 Qxe7 15.Qxe5 Bb7
16.Nc3 Rfd8 17.Rxd8+ Rxd8 18.Rd1 h6  1/2-1/2

[Event "Malaga"]
[Site "Malaga"]
[Date "1981.??.??"]
[Round "10"]
[White "Fernandez Garcia, Jose L"]
[Black "Martin Gonzalez, Angel"]
[Result "1/2-1/2"]
[WhiteElo "2415"]
[BlackElo "2365"]

1.e4 c5 2.Nf3 d6 3.Bb5+ Nd7 4.d4 Nf6 5.O-O cxd4 6.Qxd4 g6 7.e5 dxe5 8.Nxe5 Bg7
9.Nc3 O-O 10.Rd1 Qb6 11.Be3 Qxd4 12.Bxd4 Nxe5 13.Bxe5  1/2-1/2

[Event "Nis"]
[Site "Nis"]
[Date "1981.??.??"]
[Round "6"]
[White "Georgiev, Krum"]
[Black "Csom, Istvan"]
[Result "1/2-1/2"]
[WhiteElo "2485"]
[BlackElo "2500"]

1.e4 c5 2.Nf3 d6 3.Bb5+ Bd7 4.Bxd7+ Qxd7 5.O-O Nc6 6.c3 Nf6 7.d3 g6 8.h3 Bg7
9.Be3 O-O 10.Nbd2 Rac8 11.Qe2 b6 12.Rfe1 d5 13.Bg5 h6 14.Bxf6 exf6  1/2-1/2

[Event "Nis"]
[Site "Nis"]
[Date "1981.??.??"]
[Round "7"]
[White "Ciocaltea, Victor"]
[Black "Georgiev, Krum"]
[Result "1/2-1/2"]
[WhiteElo "2450"]
[BlackElo "2485"]

1.e4 c5 2.Nf3 d6 3.Bb5+ Bd7 4.Bxd7+ Qxd7 5.O-O Nc6 6.c3 Nf6 7.Qe2 e6 8.Rd1 Be7
9.d4 cxd4 10.cxd4 d5 11.e5 Ne4 12.Nbd2 Nxd2 13.Bxd2 O-O 14.Bg5 Rac8 15.Bxe7 Nxe7  1/2-1/2

[Event "US op"]
[Site "Palo Alto"]
[Date "1981.??.??"]
[Round "12"]
[White "Biyiasas, Peter"]
[Black "Meyer, John C"]
[Result "1/2-1/2"]
[WhiteElo "2527"]
[BlackElo "2417"]

1.e4 c5 2.Nf3 d6 3.Bb5+ Bd7 4.Bxd7+ Qxd7 5.O-O e6 6.c3 Nf6 7.Qe2 Nc6 8.d4 cxd4
9.cxd4 d5 10.e5 Ne4 11.Be3 Be7 12.Ne1 h6 13.Nd3 O-O 14.f3 Ng5 15.Nd2 f6 16.exf6 Bxf6
17.Nb3 Rae8 18.Qd2 Nf7 19.Nbc5 Qc8 20.Nb3 Nd6 21.Bf2 Nc4 22.Qe2 a5 23.a4 Qc7
24.Qc2  1/2-1/2

[Event "Pamporovo"]
[Site "Pamporovo"]
[Date "1981.??.??"]
[Round "11"]
[White "Lechtynsky, Jiri"]
[Black "Lukov, Valentin"]
[Result "1/2-1/2"]
[WhiteElo "2455"]
[BlackElo "2430"]

1.e4 c5 2.Nf3 d6 3.Bb5+ Bd7 4.Bxd7+ Qxd7 5.O-O Nc6 6.c3 Nf6 7.Qe2 e6 8.d4 cxd4
9.cxd4 d5 10.e5 Ne4 11.Be3 Be7 12.Rd1 O-O 13.Ne1 f6 14.f3 Ng5 15.Nc3 Nf7
16.f4 f5 17.Rac1 Rac8 18.Nd3 b6 19.g3 Na5 20.b3 Rc7 21.Nxd5 exd5 22.e6 Qc8
23.exf7+ Rxf7 24.Ne5 Ba3 25.Rb1 Rf8 26.Qb5 Qe6 27.b4 Nc4 28.Bf2 Rfc8 29.Qa4 Bc1
30.Nxc4 Rxc4 31.Re1 Qf7  1/2-1/2

[Event "Plovdiv"]
[Site "Plovdiv"]
[Date "1981.??.??"]
[Round "6"]
[White "Ajanski, Jordan S"]
[Black "Szekely, Peter"]
[Result "1/2-1/2"]
[WhiteElo "2365"]
[BlackElo "2425"]

1.e4 c5 2.Nf3 d6 3.Bb5+ Bd7 4.Bxd7+ Qxd7 5.O-O Nc6 6.Re1 Nf6 7.c3 e6 8.d4 cxd4
9.cxd4 d5 10.e5 Ne4 11.a3 Be7 12.Nbd2 Nxd2 13.Bxd2 Rc8 14.h4 h6 15.h5 O-O
16.Bc3 f5 17.exf6 Rxf6 18.Nh4 Bd6 19.g3 Qf7 20.Qe2 Ne7 21.Rac1 Rf8 22.Rc2 g5
23.hxg6 Nxg6 24.Ng2 Qh7 25.Qd3 Qf7 26.Qe3 Kg7 27.Bb4 Bxb4 28.axb4 Qe7 29.Qc3 Qf7
30.Ree2 Rf3 31.Qe1 Re8 32.Ne3 Re7 33.Ng4 Qf5 34.Nh2 Rd3 35.Rcd2 Rxd2 36.Qxd2 h5
37.Re3 Rf7 38.Qe1 Rf6 39.Nf3 Qg4 40.Ne5 Nxe5 41.dxe5  1/2-1/2

[Event "Plovdiv"]
[Site "Plovdiv"]
[Date "1981.??.??"]
[Round "8"]
[White "Bohosjan, Sarkis"]
[Black "Georgiev, Krum"]
[Result "1/2-1/2"]
[WhiteElo "2390"]
[BlackElo "2485"]

1.e4 c5 2.Nf3 d6 3.Bb5+ Bd7 4.Bxd7+ Qxd7 5.O-O g6 6.c3 Bg7 7.d4 cxd4 8.cxd4 Nf6
9.Nc3 O-O 10.Bg5 Nc6 11.Re1 Rfd8  1/2-1/2

[Event "Rubinstein mem"]
[Site "Polanica Zdroj"]
[Date "1981.??.??"]
[Round "9"]
[White "Jasnikowski, Zbigniew"]
[Black "Akesson, Ralf"]
[Result "0-1"]
[WhiteElo "2435"]
[BlackElo "2390"]

1.e4 c5 2.Nf3 d6 3.Bb5+ Bd7 4.Bxd7+ Nxd7 5.c4 Ne5 6.O-O e6 7.d3 Ne7 8.Ne1 N5c6
9.Be3 g6 10.Nc3 Bg7 11.Nf3 Qa5 12.Qd2 O-O 13.Bh6 Ne5 14.Nxe5 Bxh6 15.Qxh6 dxe5
16.f4 Qd8 17.Kh1 f5 18.fxe5 Qxd3 19.Qg5 Nc6 20.Rad1 Qxc4 21.exf5 Rxf5 22.Rxf5 exf5
23.Nd5 Qe2 24.Nf6+ Kh8 25.Rg1 Qxe5 26.Qh4 Kg7 27.Rd1 Rd8 28.Rxd8 Nxd8 29.Qxh7+ Kxf6
30.Qh8+ Ke6 31.Qe8+ Kd5 32.Qxd8+ Kc4 33.b3+ Kc3 34.h3 Kc2 35.Qa5 a6 36.b4 Qe1+
37.Kh2 Qxb4 38.Qd8 Qf4+  0-1

[Event "Porz"]
[Site "Porz"]
[Date "1981.??.??"]
[Round "?"]
[White "Dankert, Peter"]
[Black "Van der Wiel, John TH"]
[Result "1/2-1/2"]
[WhiteElo "2380"]
[BlackElo "2470"]

1.e4 c5 2.Nf3 d6 3.Bb5+ Bd7 4.Bxd7+ Qxd7 5.O-O Nc6 6.c3 Nf6 7.Qe2 e6 8.d4 cxd4
9.cxd4 d5 10.e5 Ne4 11.Rd1 Rc8 12.Be3 Be7 13.Ne1 f5 14.f3 Ng5 15.Nd3 O-O
16.Nc3 Na5 17.Nf4 Nc4 18.Bf2 Rc6 19.h4 Nf7 20.Ncxd5 exd5 21.e6 Qd6 22.exf7+ Rxf7
23.Nd3 Qh6 24.Ne5 Nxe5 25.dxe5 Bxh4 26.Rxd5 Rfc7 27.Bxh4 Qxh4 28.Rad1 Rc2
29.e6 h5 30.R5d2 Qd4+ 31.Kh2 Qh4+ 32.Kg1 Qd4+ 33.Kh2 Rxd2 34.Qxd2 Qxd2 35.Rxd2 Kf8  1/2-1/2

[Event "Reggio Emilia8182"]
[Site "Reggio Emilia"]
[Date "1981.??.??"]
[Round "1"]
[White "Rossi, Carlo"]
[Black "Santolini, Luigi"]
[Result "0-1"]
[WhiteElo "2200"]
[BlackElo "2265"]

1.e4 c5 2.Nf3 d6 3.Bb5+ Bd7 4.a4 e6 5.O-O Nc6 6.Re1 Be7 7.c3 a6 8.Bf1 Nf6
9.d4 cxd4 10.cxd4 O-O 11.Nc3 d5 12.e5 Ne8 13.Bd3 f5 14.exf6 Bxf6 15.Re3 Nd6
16.Ne5 Bxe5 17.Rh3 Bxd4 18.Bxh7+ Kf7 19.Qh5+ Ke7 20.Bg5+ Bf6 21.Re1 Qa5 22.Qg6 Ne8
23.Rd3 d4 24.Bxf6+ Rxf6 25.Qe4 dxc3 26.Red1 Rd8  0-1

[Event "Nordic-ch"]
[Site "Reykjavik"]
[Date "1981.??.??"]
[Round "?"]
[White "Raaste, Eero J"]
[Black "Petursson, Margeir"]
[Result "1-0"]
[WhiteElo "2390"]
[BlackElo "2460"]

1.e4 c5 2.Nf3 d6 3.Bb5+ Bd7 4.Bxd7+ Qxd7 5.c4 Nc6 6.Nc3 g6 7.d4 cxd4 8.Nxd4 Bg7
9.Be3 Nf6 10.h3 O-O 11.O-O a6 12.Rc1 Rfc8 13.b3 b5 14.Nxc6 Rxc6 15.Nd5 Qb7
16.Nxf6+ Bxf6 17.Qd5 e6 18.Qd3 bxc4 19.Rxc4 Rxc4 20.bxc4 Qc6 21.Rb1 Be7 22.Rb6 Qc7
23.Qb3 Bf8 24.a4 a5 25.Rb7 Qd8 26.Qb5 Bg7 27.Bg5 Qe8 28.Qxe8+ Rxe8 29.Bd2 Rc8
30.Bxa5 Be5 31.Bc7 Kg7 32.c5 Kf6 33.cxd6 Ra8 34.a5 Ra6 35.Bd8+ Kg7 36.d7 Rd6
37.g3  1-0

[Event "Riga"]
[Site "Riga"]
[Date "1981.??.??"]
[Round "8"]
[White "Ambroz, Jan"]
[Black "Kengis, Edvins"]
[Result "1/2-1/2"]
[WhiteElo "2485"]
[BlackElo "2360"]

1.e4 c5 2.Nf3 d6 3.Bb5+ Bd7 4.a4 Nc6 5.O-O Nf6 6.Re1 e6 7.d4 cxd4 8.Nxd4 Be7
9.b3 O-O 10.Bb2 Qc7 11.Nxc6 Bxc6 12.Nc3 Rfd8 13.Bd3 a6 14.Qe2 Re8 15.Qf3 Rac8
16.Qh3 Bd7 17.Qf3  1/2-1/2

[Event "Riga"]
[Site "Riga"]
[Date "1981.??.??"]
[Round "11"]
[White "Ermenkov, Evgenij"]
[Black "Tal, Mihail"]
[Result "0-1"]
[WhiteElo "2490"]
[BlackElo "2560"]

1.e4 c5 2.Nf3 d6 3.Bb5+ Bd7 4.Bxd7+ Nxd7 5.O-O Ngf6 6.Qe2 e6 7.c3 Be7 8.d4 O-O
9.Bg5 h6 10.Bh4 cxd4 11.Nxd4 Qb6 12.a4 Nc5 13.a5 Qa6 14.Qxa6 Nxa6 15.f3 Rfc8
16.Rd1 g5 17.Bf2 d5 18.exd5 Nxd5 19.Nd2 Nc5 20.N2b3 a6 21.g3 Bf8 22.Kf1 Nd7
23.Ke2 Ne5 24.Nd2 f5 25.Rdc1 Kf7 26.Nc2 Rd8 27.Ne1 Rac8 28.Bd4 Ng6 29.Nd3 e5
30.Bg1 h5 31.Rf1 Rxc3 32.bxc3 Nxc3+ 33.Ke1 Rxd3 34.Nb3 Bb4 35.Bc5 Nb5+ 36.Bxb4 Rxb3
37.Bc5 Rc3 38.Bb6 Rb3 39.Kf2 Nc3 40.Kg2 Ke6 41.Rf2 g4 42.h3 gxf3+ 43.Rxf3 e4
44.Re3 Rb2+ 45.Kh1 Rc2 46.Ree1 Ne2 47.Bc7 Ne5 48.Bxe5 Kxe5 49.Ra3 h4 50.gxh4 f4
51.Rxe2 Rxe2 52.Rb3 f3 53.Kg1 Kf4  0-1

[Event "Sarajevo"]
[Site "Sarajevo"]
[Date "1981.??.??"]
[Round "7"]
[White "Kurajica, Bojan"]
[Black "Csom, Istvan"]
[Result "1/2-1/2"]
[WhiteElo "2495"]
[BlackElo "2500"]

1.e4 c5 2.Nf3 d6 3.Bb5+ Bd7 4.Bxd7+ Qxd7 5.O-O Nc6 6.Re1 e6 7.d4 cxd4 8.Nxd4 Be7
9.Nf3 Nf6 10.b3 O-O 11.Bb2 a6 12.Nbd2  1/2-1/2

[Event "BUL-ch"]
[Site "Sofia"]
[Date "1981.??.??"]
[Round "10"]
[White "Donchev, Dimitar I"]
[Black "Tringov, Georgi P"]
[Result "1/2-1/2"]
[WhiteElo "2425"]
[BlackElo "2470"]

1.e4 c5 2.Nf3 d6 3.Bb5+ Bd7 4.Bxd7+ Qxd7 5.O-O Nc6 6.d4 cxd4 7.Nxd4 Nf6 8.Nc3 e6
9.Bg5 Be7 10.Qd2 O-O 11.Rad1 Rfd8 12.h3 a6 13.Qe3  1/2-1/2

[Event "BUL-ch"]
[Site "Sofia"]
[Date "1981.??.??"]
[Round "13"]
[White "Georgiev, Krum"]
[Black "Spassov, Liuben"]
[Result "1/2-1/2"]
[WhiteElo "2485"]
[BlackElo "2460"]

1.e4 c5 2.Nf3 d6 3.Bb5+ Bd7 4.Bxd7+ Qxd7 5.O-O e6 6.c3 Nf6 7.d3 Nc6 8.Qe2 Be7
9.Bf4 O-O 10.Nbd2 Rfd8 11.h3 Rac8 12.Rfd1 a6 13.Nf1  1/2-1/2

[Event "Tuzla"]
[Site "Tuzla"]
[Date "1981.??.??"]
[Round "3"]
[White "Nurkic, Sahbaz"]
[Black "Bukic, Enver"]
[Result "1-0"]
[WhiteElo "2200"]
[BlackElo "2485"]

1.e4 c5 2.Nf3 d6 3.Bb5+ Bd7 4.a4 Nc6 5.O-O g6 6.Re1 Bg7 7.c3 e5 8.Na3 Nge7
9.Nc2 O-O 10.d4 cxd4 11.cxd4 a6 12.Bf1 Rc8 13.d5 Na5 14.Na3 Qe8 15.b3 Ra8
16.Bd2 b6 17.Bxa5 bxa5 18.Nc4 Qb8 19.Nxa5 Bh6 20.Nc4 a5 21.Na3 Qb4 22.Bb5 Bxb5
23.Nxb5 f5 24.Qd3 Rac8 25.Rad1 Rf6 26.exf5 gxf5 27.Nfd4 e4 28.Qh3 Bd2 29.Qh4 Nxd5
30.Rxe4 fxe4 31.Qg4+ Kf7 32.Qxc8 e3 33.Qb7+ Ne7 34.Nc6 d5 35.Nxb4 e2 36.Rb1 Bxb4
37.Nd4 e1=Q+ 38.Rxe1 Bxe1 39.Nf3 Bb4 40.Ne5+ Ke6 41.Nd3 Bc3 42.g3 Kf7 43.Kg2 Rc6
44.b4 axb4 45.a5 b3 46.a6 b2 47.a7 Rc8 48.Nxb2 Bxb2 49.Qxb2  1-0

[Event "Tuzla"]
[Site "Tuzla"]
[Date "1981.??.??"]
[Round "7"]
[White "Nurkic, Sahbaz"]
[Black "Suba, Mihai"]
[Result "1/2-1/2"]
[WhiteElo "2200"]
[BlackElo "2500"]

1.e4 c5 2.Nf3 d6 3.Bb5+ Nd7 4.d4 Nf6 5.Nc3 cxd4 6.Qxd4 e5 7.Qd3 h6 8.O-O Be7
9.a4 O-O 10.h3 Nc5 11.Qe2 Be6 12.Rd1 Rc8  1/2-1/2

[Event "Tuzla"]
[Site "Tuzla"]
[Date "1981.??.??"]
[Round "10"]
[White "Palos, Osman"]
[Black "Popovic, Petar"]
[Result "0-1"]
[WhiteElo "2355"]
[BlackElo "2490"]

1.e4 c5 2.Nf3 d6 3.Bb5+ Bd7 4.a4 Nc6 5.O-O e6 6.d3 Nf6 7.Bg5 Be7 8.Nbd2 O-O
9.Re1 Qc7 10.h3 Rad8 11.Nf1 a6 12.Bxc6 Bxc6 13.a5 h6 14.Bh4 g6 15.Ne3 Nh5
16.Bxe7 Qxe7 17.Nh2 Kh7 18.Nc4 Nf4 19.Qg4 e5 20.Nf3 f5 21.Qg3 Qf6 22.Nfd2 Ne6
23.f3 h5 24.Rac1 Rd7 25.Nb6 Rg7 26.Nbc4 Qd8 27.Kh1 f4 28.Qh2 Rf6 29.Rg1 Nd4
30.Rge1 g5 31.c3 Ne6 32.Kg1 Rh6 33.Kf1 g4 34.Ke2 gxf3+ 35.Nxf3 Rhg6 36.Rg1 h4
37.Ra1 Rg3 38.Ncd2 Qf6 39.Kf2 Bb5 40.Ke2 Ng5 41.Raf1 d5 42.Nxg5+ Qxg5 43.Rf3 Qg6
44.Kf2 Bxd3 45.exd5 e4 46.Rxf4 e3+ 47.Ke1 exd2+  0-1

[Event "URS-FL49"]
[Site "Volgodonsk"]
[Date "1981.??.??"]
[Round "2"]
[White "Gurgenidze, Bukhuti"]
[Black "Anikaev, Yuri N"]
[Result "1/2-1/2"]
[WhiteElo "2490"]
[BlackElo "2425"]

1.e4 c5 2.Nf3 d6 3.Bb5+ Bd7 4.Bxd7+ Nxd7 5.O-O Ngf6 6.Qe2 e6 7.c3 Be7 8.d4 O-O
9.Rd1 cxd4 10.cxd4 Nb6 11.Nc3 d5 12.e5 Nfd7 13.Rd3 Re8 14.g3 a6 15.h4 f6
16.exf6 Bxf6 17.Bf4 Rc8 18.Re1 Nc4 19.b3 Ncb6 20.Nd1 Nf8 21.h5 Nbd7 22.Ne3 Be7
23.Ng4 Nf6 24.Nfe5 Ne4 25.Qf3 Nd6 26.Kg2 Rc2 27.Re2 Rxe2 28.Qxe2 Nf5 29.Ne3 Nd6
30.Qg4 Bf6 31.Qd1 h6 32.Rc3 Bg5 33.Bxg5 Qxg5 34.Rc7 Qd8 35.Qc1  1/2-1/2

[Event "Vrnjacka Banja"]
[Site "Vrnjacka Banja"]
[Date "1981.??.??"]
[Round "5"]
[White "Orak, Ljubomir"]
[Black "Cabrilo, Goran"]
[Result "0-1"]
[WhiteElo "2200"]
[BlackElo "2425"]

1.e4 c5 2.Nf3 d6 3.Bb5+ Nd7 4.d4 Nf6 5.Nc3 cxd4 6.Qxd4 e5 7.Qd3 h6 8.Be3 Be7
9.a4 O-O 10.O-O Nb8 11.Bc4 Nc6 12.Bb3 Be6 13.Nd5 Bxd5 14.Bxd5 Nb4 15.Qb3 Nbxd5
16.exd5 Ng4 17.c4 Qc7 18.Bd2 f5 19.a5 Nf6 20.Bb4 Nd7 21.Rac1 b6 22.Qa4 Rac8
23.axb6 axb6 24.Ba3 Bf6 25.Rfd1 g6 26.Qc6 Be7 27.Qxc7 Rxc7 28.Rc3 Kf7 29.Kf1 Ra8
30.Rdc1 Nc5 31.Bxc5 bxc5 32.Rb3 e4 33.Nd2 Bf6 34.Ke2 Raa7 35.Rb5 Rcb7 36.Rxb7+ Rxb7
37.b3 Ra7 38.Rc2 Bd4 39.g3 Ra8 40.h4 Kf6 41.b4 Ra3 42.b5 Ke5 43.Rc1 Bc3 44.Rc2 Bb4
45.Nb1 Ra1 46.Nd2 g5 47.hxg5 hxg5 48.Rb2 Ra8 49.Nb3 f4 50.gxf4+ gxf4 51.b6 Rb8
52.Ra2 Rxb6 53.Ra8 Bc3 54.Re8+ Kf5 55.Rf8+ Kg6 56.Nc1 Rb2+  0-1

[Event "Vrnjacka Banja"]
[Site "Vrnjacka Banja"]
[Date "1981.??.??"]
[Round "9"]
[White "Kostic, Vladimir"]
[Black "Schmidt, Wlodzimierz"]
[Result "1-0"]
[WhiteElo "2255"]
[BlackElo "2495"]

1.e4 c5 2.Nf3 d6 3.Bb5+ Bd7 4.Bxd7+ Qxd7 5.O-O Nc6 6.c3 Nf6 7.d4 Nxe4 8.d5 Ne5
9.Re1 Nxf3+ 10.Qxf3 Nf6 11.c4 e5 12.dxe6 fxe6 13.Nc3 Be7 14.Qe2 Kf7 15.Bg5 Rhe8
16.Rad1 Rad8 17.Rd3 d5 18.Kf1 h6 19.Bh4 Kg8 20.Qd2 d4 21.Qc2 Qc6 22.Bxf6 Bxf6
23.Ne4 Rf8 24.Qe2 Rf7 25.Qh5 b6 26.Qg6 Rdf8 27.Rg3 Qc7 28.Rd1 Kh8 29.Kg1 Bh4
30.Rdd3 Bxg3 31.Rxg3 Qf4 32.h4 Qf5 33.h5 Rd7 34.Rf3 Qxg6 35.Rxf8+ Kh7 36.hxg6+ Kxg6
37.Kf1 d3 38.Ke1  1-0

[Event "Vrsac"]
[Site "Vrsac"]
[Date "1981.??.??"]
[Round "15"]
[White "Rajkovic, Dusan"]
[Black "Ftacnik, Lubomir"]
[Result "1/2-1/2"]
[WhiteElo "2470"]
[BlackElo "2525"]

1.e4 c5 2.Nf3 d6 3.Bb5+ Bd7 4.Bxd7+ Qxd7 5.d4 cxd4 6.Qxd4 Nc6 7.Qd3 g6 8.O-O Bg7
9.Nc3 Nf6 10.Nd5 O-O 11.c3 Nxd5 12.exd5 Ne5 13.Nxe5 Bxe5 14.Be3  1/2-1/2

[Event "Yerevan"]
[Site "Yerevan"]
[Date "1981.??.??"]
[Round "8"]
[White "Arkhipkin, Yury"]
[Black "Muratov, Vladimir A"]
[Result "0-1"]
[WhiteElo "2360"]
[BlackElo "2415"]

1.e4 c5 2.Nf3 d6 3.Bb5+ Bd7 4.Bxd7+ Qxd7 5.O-O Nc6 6.c4 Nf6 7.Nc3 e6 8.d4 cxd4
9.Nxd4 Be7 10.Be3 O-O 11.f3 Rfd8 12.Rc1 Ne5 13.Qe2 Rac8 14.b3 d5 15.cxd5 exd5
16.f4 Neg4 17.e5 Ne4 18.e6 fxe6 19.Qxg4 Nxc3 20.Nxe6 Bf6 21.f5 Re8 22.Rce1 d4
23.Bh6 d3 24.Re3 d2 25.Nxg7 Bxg7 26.Rd3 Qf7 27.Bxd2 Re4 28.Qf3 Ne2+ 29.Kh1 Rce8
30.f6 Nd4 31.Qg3  0-1

[Event "Yerevan"]
[Site "Yerevan"]
[Date "1981.??.??"]
[Round "9"]
[White "Kuzmin, Gennadi P"]
[Black "Dementiev, Oleg I"]
[Result "1/2-1/2"]
[WhiteElo "2545"]
[BlackElo "2490"]

1.e4 c5 2.Nf3 d6 3.Bb5+ Bd7 4.Bxd7+ Qxd7 5.O-O Nc6 6.c3 Nf6 7.Qe2 e6 8.d4 cxd4
9.cxd4 d5 10.e5 Ne4 11.Rd1 Be7 12.Ne1 f6 13.f3 Ng5 14.Nc3 Nf7 15.f4 O-O-O
16.Be3 f5 17.Nf3 Kb8 18.Rac1  1/2-1/2

[Event "Yerevan"]
[Site "Yerevan"]
[Date "1981.??.??"]
[Round "13"]
[White "Itkis, Boris"]
[Black "Deev, Andrei"]
[Result "1/2-1/2"]
[WhiteElo "2275"]
[BlackElo "2200"]

1.e4 c5 2.Nf3 d6 3.Bb5+ Bd7 4.Bxd7+ Qxd7 5.c4 Nf6 6.Nc3 Nc6 7.d4 cxd4 8.Nxd4 Qg4
9.O-O Qxd1 10.Rxd1 Nxd4 11.Rxd4 Rc8 12.b3 g6 13.Bb2 Bg7 14.Rdd1 O-O 15.Rab1 Rfd8
16.Nd5 Nxd5 17.Rxd5 Bxb2 18.Rxb2  1/2-1/2